| 000 | 00671cam a22002051 4500 | ||
|---|---|---|---|
| 001 | af 48000771 | ||
| 003 | DLC | ||
| 005 | 20260227110845.0 | ||
| 008 | 890619s1944 be a 000 1 dut c | ||
| 010 | _aaf 48000771 | ||
| 035 | _a(OCoLC)19891926 | ||
| 040 |
_aCalifornia. Univ. Libr. _cCU _dDLC |
||
| 042 | _apremarc | ||
| 050 | 0 | 0 |
_aPT6407.B556 _bM5 |
| 100 | 1 |
_aBogaerts, Théo, _d1893- |
|
| 245 | 1 | 3 |
_aDe mislukte bedevaart, _bnovellen. _cMet teekeningen van Jan van Noten. |
| 260 |
_aBrussel, _bMeddens _c[1944] |
||
| 300 |
_a172 p. _billus. _c23 cm. |
||
| 505 | 0 | _aDe bajadère.--De droeve historie van den klokkenluider.--De match van hun leven.--De mislukte bedevaart. | |
| 999 |
_c4201 _d4201 |
||